[Event "Campeonato de España sub-18 2011"]
[Site "Padron ESP"]
[Date "2011.07.28"]
[Round "6.8"]
[White "Garcia Salamero, Gabriel"]
[Black "Silva Rodriguez, Julio"]
[Result "1-0"]
[WhiteElo "2247"]
[BlackElo "2133"]
[PlyCount "57"]
[EventDate "2011.07.25"]
[EventType "swiss"]
[EventRounds "9"]
[EventCountry "ESP"]
[Source "lmi"]
[SourceDate "2011.07.25"]

1. e4 e6 2. d4 d5 3. e5 c5 4. Qg4 Nc6 5. Nf3 cxd4 6. Bd3 f6 7. Bxh7 Nge7 8.
Bg6+ Nxg6 9. Qxg6+ Kd7 10. Bf4 Qe8 11. Qd3 Qh5 12. Nxd4 fxe5 13. Nxc6 bxc6 14.
Bg3 a5 15. Qe3 Bd6 16. Nd2 Ba6 17. c4 e4 18. Bxd6 Kxd6 19. Qg3+ e5 20. Qxg7
Rhf8 21. Rd1 Qf5 22. O-O Rh8 23. cxd5 cxd5 24. Rc1 Rh7 25. Nxe4+ Qxe4 26. Qf6+
Kd7 27. Qc6+ Ke7 28. Qxa8 Bxf1 29. Kxf1 1-0

[Event "Campeonato de España sub-18 2011"]
[Site "Padron ESP"]
[Date "2011.07.28"]
[Round "6.9"]
[White "Meneses Gonzalez, Kevin"]
[Black "Molina Rodriguez, Borja"]
[Result "1-0"]
[WhiteElo "2226"]
[BlackElo "2131"]
[PlyCount "63"]
[EventDate "2011.07.25"]
[EventType "swiss"]
[EventRounds "9"]
[EventCountry "ESP"]
[Source "lmi"]
[SourceDate "2011.07.25"]

1. Nf3 Nf6 2. c4 e6 3. g3 b6 4. Bg2 Bb7 5. O-O Be7 6. Nc3 O-O 7. Re1 c5 8. e4
d6 9. d4 cxd4 10. Qxd4 Nbd7 11. b3 a6 12. Ba3 Qc7 13. Qd2 Rfd8 14. Nd4 Nc5 15.
Bb2 Rac8 16. Qe2 Qb8 17. Rad1 Qa8 18. Ba1 Bf8 19. h3 Re8 20. Qf3 Nfxe4 21. Nxe4
f5 22. Nxc5 Bxf3 23. Bxf3 Qa7 24. Ncxe6 f4 25. Nxf4 b5 26. Bd5+ Kh8 27. Nfe6
bxc4 28. Nf5 c3 29. Rc1 Qf7 30. g4 Qf6 31. Re3 h5 32. Rexc3 1-0

[Event "Campeonato de España sub-18 2011"]
[Site "Padron ESP"]
[Date "2011.07.28"]
[Round "6.10"]
[White "Suarez Uriel, Adrián"]
[Black "Martin Hernandez, Ruben"]
[Result "1-0"]
[WhiteElo "2217"]
[BlackElo "2128"]
[PlyCount "41"]
[EventDate "2011.07.25"]
[EventType "swiss"]
[EventRounds "9"]
[EventCountry "ESP"]
[Source "lmi"]
[SourceDate "2011.07.25"]

1. e4 c5 2. Nf3 e6 3. c3 d5 4. e5 d4 5. cxd4 cxd4 6. Bb5+ Bd7 7. Bxd7+ Qxd7 8.
O-O Nc6 9. d3 Nge7 10. Re1 h5 11. Nbd2 Nf5 12. Ne4 Qd5 13. Bf4 Be7 14. a3 f6
15. Rc1 Kf7 16. Qe2 Rac8 17. b4 a5 18. b5 Na7 19. a4 Qd7 20. exf6 gxf6 21.
Neg5+ 1-0

[Event "Campeonato de España sub-18 2011"]
[Site "Padron ESP"]
[Date "2011.07.28"]
[Round "6.11"]
[White "Rioboo De Larriva, Alvaro"]
[Black "Beltran De Heredia E, Miguel A"]
[Result "1/2-1/2"]
[WhiteElo "2215"]
[BlackElo "2127"]
[PlyCount "75"]
[EventDate "2011.07.25"]
[EventType "swiss"]
[EventRounds "9"]
[EventCountry "ESP"]
[Source "lmi"]
[SourceDate "2011.07.25"]

1. e4 e6 2. d4 d5 3. Nc3 Nf6 4. Bg5 dxe4 5. Nxe4 Be7 6. Bxf6 gxf6 7. Nf3 b6 8.
Bb5+ c6 9. Bc4 Bb7 10. Qe2 Qc7 11. O-O-O Nd7 12. Kb1 O-O-O 13. Ba6 h5 14. Bxb7+
Kxb7 15. c4 Nf8 16. Rd3 Ng6 17. g3 f5 18. Nc3 Bf6 19. Rhd1 Rhe8 20. Qc2 a6 21.
Na4 Be7 22. Rc1 Ka7 23. Rb3 Rb8 24. Qd2 Red8 25. Rd3 c5 26. Qe2 Bf6 27. d5 e5
28. Rdd1 e4 29. Ne1 Qe5 30. f4 exf3 31. Qxf3 Qe4+ 32. Rc2 Ne5 33. Qxe4 fxe4 34.
Rf2 Ng4 35. Re2 Bg5 36. Ng2 f5 37. Rf1 Rf8 38. h3 1/2-1/2

[Event "Campeonato de España sub-18 2011"]
[Site "Padron ESP"]
[Date "2011.07.28"]
[Round "6.12"]
[White "Fernandez Lledo, Javier"]
[Black "Rodriguez Ferraz, Borja"]
[Result "1/2-1/2"]
[WhiteElo "2204"]
[BlackElo "2125"]
[PlyCount "105"]
[EventDate "2011.07.25"]
[EventType "swiss"]
[EventRounds "9"]
[EventCountry "ESP"]
[Source "lmi"]
[SourceDate "2011.07.25"]

1. e4 e5 2. Nf3 Nc6 3. Bb5 a6 4. Ba4 Nf6 5. O-O Bc5 6. c3 b5 7. Bb3 d6 8. a4
Rb8 9. d4 Bb6 10. Na3 O-O 11. axb5 axb5 12. Nxb5 Bg4 13. Ba4 exd4 14. cxd4 h6
15. Ra3 Ne7 16. e5 dxe5 17. dxe5 Qxd1 18. Rxd1 Ne4 19. Be3 Bxe3 20. Rxe3 Nc5
21. b3 Rfd8 22. Rxd8+ Rxd8 23. h3 Rd1+ 24. Kh2 Nd5 25. hxg4 Nxe3 26. fxe3 Nxa4
27. bxa4 c5 28. Nd6 Ra1 29. Nd2 Rxa4 30. N2c4 Kf8 31. Kg3 Ke7 32. Kf4 Ke6 33.
g5 hxg5+ 34. Kxg5 Ra6 35. e4 f6+ 36. Kg6 fxe5 37. Nf5 Ra4 38. Nxg7+ Ke7 39.
Nf5+ Ke6 40. Nfe3 Ra1 41. g4 Rh1 42. g5 Rh4 43. Nd2 Rh2 44. Nec4 Rh3 45. Kg7
Rg3 46. g6 Rh3 47. Na5 Rd3 48. Nab3 Ke7 49. Kh7 Kf6 50. Nxc5 Rxd2 51. g7 Rh2+
52. Kg8 Rg2 53. Nd7+ 1/2-1/2

[Event "Campeonato de España sub-18 2011"]
[Site "Padron ESP"]
[Date "2011.07.28"]
[Round "6.13"]
[White "Baragaño Campa, David"]
[Black "Galan Martin, Alejandro"]
[Result "0-1"]
[WhiteElo "2188"]
[BlackElo "2018"]
[PlyCount "44"]
[EventDate "2011.07.25"]
[EventType "swiss"]
[EventRounds "9"]
[EventCountry "ESP"]
[Source "lmi"]
[SourceDate "2011.07.25"]

1. e4 e6 2. d4 d5 3. Nd2 a6 4. Ngf3 c5 5. c3 Nc6 6. Bd3 cxd4 7. cxd4 dxe4 8.
Nxe4 Be7 9. a3 Nf6 10. O-O O-O 11. Be3 g6 12. Rc1 Nd5 13. Bh6 Re8 14. Bb1 Qb6
15. Qd2 Na5 16. Nc5 Nb3 17. Nxb3 Qxb3 18. Ne5 Qb6 19. Rfd1 Qd6 20. Qe2 Bf6 21.
Ng4 Bg7 22. Qf3 f5 0-1

[Event "Campeonato de España sub-18 2011"]
[Site "Padron ESP"]
[Date "2011.07.28"]
[Round "6.14"]
[White "Mingarro Carceller, Sergi"]
[Black "Nieto De La Cruz, Julio"]
[Result "1/2-1/2"]
[WhiteElo "2069"]
[BlackElo "2183"]
[PlyCount "160"]
[EventDate "2011.07.25"]
[EventType "swiss"]
[EventRounds "9"]
[EventCountry "ESP"]
[Source "lmi"]
[SourceDate "2011.07.25"]

1. e4 g6 2. d4 Bg7 3. Nc3 d6 4. Be3 Nd7 5. h3 a6 6. g4 b5 7. Bg2 Bb7 8. Nge2 e6
9. Ng3 Ne7 10. O-O c5 11. Nce2 cxd4 12. Bxd4 e5 13. Be3 Nb6 14. b3 Qc7 15. Rc1
Rd8 16. c4 bxc4 17. bxc4 O-O 18. Qb3 Nd7 19. Rfd1 Nc6 20. Qa3 Nc5 21. Bxc5 dxc5
22. Qxc5 Rxd1+ 23. Rxd1 Qa5 24. Qe3 Qxa2 25. Qc3 Qa5 26. Nf1 Rc8 27. Ne3 Bf8
28. Bf1 Qxc3 29. Nxc3 Nd4 30. Rb1 Bc6 31. Rb6 Ra8 32. Ned5 Bc5 33. Rb2 Kg7 34.
Ra2 Ra7 35. Na4 Bf8 36. Bd3 h6 37. Kf1 Bd6 38. Nab6 Bb7 39. Ke1 a5 40. Kf1 Nb3
41. Bc2 Nc5 42. f3 Ra6 43. Kg2 Bc6 44. Nc8 Bb8 45. Rb2 Nd7 46. Nce7 a4 47. Nxc6
a3 48. Ra2 Rxc6 49. Ba4 Rd6 50. Bxd7 Rxd7 51. Rxa3 Ba7 52. Rc3 Bc5 53. f4 f6
54. Kf3 Kf7 55. Rb3 exf4 56. Kxf4 Bd6+ 57. Kf3 Ra7 58. Nc3 Ra1 59. Nd5 Rc1 60.
Rb6 Bc5 61. Rxf6+ Kg7 62. Rc6 Rxc4 63. Rc7+ Kf8 64. Nf6 Rc3+ 65. Ke2 Bd4 66.
Rxc3 Bxc3 67. Nd5 Be5 68. Kd3 Kf7 69. Ne3 Ke6 70. Nc4 Bh2 71. Ke3 Bb8 72. Kf3
Bh2 73. h4 h5 74. Ne3 hxg4+ 75. Kxg4 Bg1 76. Ng2 Bf2 77. Nf4+ Kf7 78. e5 Be1
79. Nd3 Bd2 80. Nc5 Be3 1/2-1/2

[Event "Campeonato de España sub-18 2011"]
[Site "Padron ESP"]
[Date "2011.07.28"]
[Round "6.15"]
[White "Pruja Ramirez De Cartagena, Marc"]
[Black "Ramirez Medina, Victor"]
[Result "1-0"]
[WhiteElo "2269"]
[BlackElo "1808"]
[PlyCount "111"]
[EventDate "2011.07.25"]
[EventType "swiss"]
[EventRounds "9"]
[EventCountry "ESP"]
[Source "lmi"]
[SourceDate "2011.07.25"]

1. e4 c5 2. Ne2 d6 3. g3 Nc6 4. Bg2 g6 5. O-O Bg7 6. c3 e5 7. d3 Nge7 8. Be3
O-O 9. d4 exd4 10. cxd4 Qb6 11. Nbc3 cxd4 12. Na4 Qa6 13. Nxd4 Rd8 14. Nc3 Nxd4
15. Bxd4 Be6 16. Bxg7 Kxg7 17. Qd4+ Kg8 18. h4 h5 19. Qf6 Nc6 20. f4 Qb6+ 21.
Kh1 Qd4 22. Qg5 Bc4 23. Rf3 Qg7 24. Nd5 Bxd5 25. Qxd5 Rac8 26. Rd1 Rc7 27. b3
b6 28. Qd2 a5 29. Rd3 Nb4 30. Rxd6 Rdc8 31. Rd8+ Kh7 32. Rxc8 Rxc8 33. e5 Qf8
34. a3 Nc6 35. Qd6 Qe8 36. Qd7 Qxd7 37. Rxd7 Kg8 38. Rd6 Ne7 39. Be4 Rc3 40.
Rd3 Rxd3 41. Bxd3 Kf8 42. Be4 Ng8 43. Kg2 Ke7 44. Kf3 Nh6 45. Ke2 Ke6 46. Kd3
Ng4 47. Bf3 Nh6 48. Be4 Ng4 49. Kd4 Nh2 50. Bg2 Kd7 51. Kd5 Kc7 52. e6 fxe6+
53. Kxe6 Ng4 54. Be4 Ne3 55. Bxg6 Nf1 56. f5 1-0

[Event "Campeonato de España sub-18 2011"]
[Site "Padron ESP"]
[Date "2011.07.28"]
[Round "6.16"]
[White "Garro Beraza, Julen"]
[Black "Gil Quilez, David"]
[Result "1/2-1/2"]
[WhiteElo "1950"]
[BlackElo "2182"]
[PlyCount "54"]
[EventDate "2011.07.25"]
[EventType "swiss"]
[EventRounds "9"]
[EventCountry "ESP"]
[Source "lmi"]
[SourceDate "2011.07.25"]

1. e4 c5 2. Nf3 Nc6 3. Bb5 g6 4. Bxc6 bxc6 5. O-O Bg7 6. Re1 Nh6 7. d3 O-O 8.
Nc3 f6 9. Be3 d6 10. h3 e5 11. Qd2 Nf7 12. Nh2 f5 13. f4 g5 14. fxg5 f4 15. g6
hxg6 16. Bf2 Ng5 17. h4 Ne6 18. Nf3 Nd4 19. Nxd4 cxd4 20. Na4 Bf6 21. g3 fxg3
22. Bxg3 Bxh4 23. Qh6 Bxg3 24. Qxg6+ Kh8 25. Qh6+ Kg8 26. Qg6+ Kh8 27. Qh6+ Kg8
1/2-1/2

[Event "Campeonato de España sub-18 2011"]
[Site "Padron ESP"]
[Date "2011.07.29"]
[Round "7.1"]
[White "Pardo Simon, David"]
[Black "Forcen Esteban, Daniel"]
[Result "0-1"]
[WhiteElo "2388"]
[BlackElo "2441"]
[PlyCount "102"]
[EventDate "2011.07.25"]
[EventType "swiss"]
[EventRounds "9"]
[EventCountry "ESP"]
[Source "lmi"]
[SourceDate "2011.07.25"]

1. e4 Nf6 2. e5 Nd5 3. d4 d6 4. c4 Nb6 5. exd6 exd6 6. Nc3 Be7 7. Bd3 O-O 8.
Nge2 Nc6 9. O-O Bg4 10. Be3 Nb4 11. h3 Bh5 12. b3 a5 13. Qb1 Bg6 14. Bxg6 hxg6
15. a3 Na6 16. Rd1 Bg5 17. f4 Bf6 18. Qd3 Re8 19. Rac1 d5 20. c5 Nc8 21. Bf2 c6
22. Rc2 b6 23. cxb6 Nxb6 24. Nb1 Nb8 25. Rdc1 Qe7 26. Ng3 Qd6 27. f5 Bg5 28.
Rf1 a4 29. b4 Nc4 30. fxg6 Qxg6 31. Nf5 Nd7 32. h4 Bf4 33. Nc3 Nd6 34. Ne2 Rxe2
35. Rxe2 Nxf5 36. Qf3 Bc7 37. g4 Nh6 38. Be1 Qxg4+ 39. Qxg4 Nxg4 40. Re7 Bh2+
41. Kg2 Ndf6 42. Bg3 Bxg3 43. Kxg3 Kf8 44. Rfe1 Nh6 45. Kf4 g6 46. Rc7 Nf5 47.
Rxc6 Kg7 48. Rc7 Rh8 49. b5 Rxh4+ 50. Ke5 Rxd4 51. Rg1 Re4# 0-1

[Event "Campeonato de España sub-18 2011"]
[Site "Padron ESP"]
[Date "2011.07.29"]
[Round "7.2"]
[White "Fernandez Garcia, Jose Miguel"]
[Black "Cruz Lledo, Pablo"]
[Result "1/2-1/2"]
[WhiteElo "2285"]
[BlackElo "2269"]
[PlyCount "128"]
[EventDate "2011.07.25"]
[EventType "swiss"]
[EventRounds "9"]
[EventCountry "ESP"]
[Source "lmi"]
[SourceDate "2011.07.25"]

1. e4 c6 2. c4 d5 3. exd5 cxd5 4. cxd5 Nf6 5. Nc3 Nxd5 6. Nf3 Nxc3 7. bxc3 g6
8. d4 Bg7 9. Bd3 O-O 10. O-O Nc6 11. Re1 Bg4 12. Be4 Qc7 13. h3 Bxf3 14. Qxf3
e5 15. Ba3 Rfe8 16. d5 f5 17. Bxf5 gxf5 18. dxc6 Qxc6 19. Qxf5 Qxc3 20. Bd6 e4
21. Rac1 Qf6 22. Qxf6 Bxf6 23. Rc7 b5 24. Rb7 a6 25. Bf4 Re6 26. Rd1 Rae8 27.
Rdd7 R8e7 28. Rxe7 Bxe7 29. Kf1 Kf8 30. g4 Rc6 31. Ra7 b4 32. Bd2 Bc5 33. Ra8+
Kf7 34. Ke2 Rf6 35. Be3 Bxe3 36. Kxe3 Rf3+ 37. Kxe4 Ra3 38. Ra7+ Kg6 39. h4
Rxa2 40. f4 h6 41. Rb7 a5 42. h5+ Kf6 43. Rb6+ Kg7 44. Kf5 Rc2 45. Rb7+ Kg8 46.
Rb8+ Kg7 47. Rb7+ Kg8 48. Rb5 Rc6 49. g5 a4 50. Rb8+ Kg7 51. Rb7+ Kg8 52. Rb8+
Kg7 53. Rxb4 Ra6 54. Rb7+ Kg8 55. Rb2 a3 56. Ra2 hxg5 57. Kxg5 Kh7 58. f5 Ra5
59. h6 Ra6 60. Kf4 Kxh6 61. Ke4 Kg7 62. Rg2+ Kf7 63. Ra2 Kf6 64. Kd4 Kxf5
1/2-1/2

[Event "Campeonato de España sub-18 2011"]
[Site "Padron ESP"]
[Date "2011.07.29"]
[Round "7.3"]
[White "Ladron De Guevara Pinto, Paolo"]
[Black "Colon Garcia, Enrique"]
[Result "1-0"]
[WhiteElo "2269"]
[BlackElo "2276"]
[PlyCount "99"]
[EventDate "2011.07.25"]
[EventType "swiss"]
[EventRounds "9"]
[EventCountry "ESP"]
[Source "lmi"]
[SourceDate "2011.07.25"]

1. e4 c5 2. Nf3 Nc6 3. Nc3 d6 4. d4 cxd4 5. Nxd4 e5 6. Nb3 Be6 7. Be2 h6 8. Be3
Nf6 9. Bf3 Be7 10. h4 Na5 11. Nxa5 Qxa5 12. O-O Rc8 13. a3 a6 14. Qd2 Qc7 15.
Rac1 O-O 16. Rfd1 b5 17. g3 Qb7 18. Nd5 Bxd5 19. exd5 Nd7 20. g4 e4 21. Bxe4
Ne5 22. Qe2 Bxh4 23. Kg2 Nc4 24. Bf4 Rfe8 25. Qf3 Nxb2 26. Rh1 Qe7 27. Rce1 Qf6
28. Bf5 Rxe1 29. Rxe1 Rf8 30. Bd2 Nc4 31. Bc3 Qd8 32. Bd3 Re8 33. Re4 Nxa3 34.
Ba5 Qb8 35. Bc7 Qa8 36. Bxd6 Nc4 37. Bxc4 bxc4 38. Rxc4 Bf6 39. Bc7 Qc8 40. Rc6
Qd7 41. c4 Rc8 42. Bg3 Re8 43. Rxa6 Bd4 44. Rc6 Rf8 45. Rc7 Qd8 46. c5 f5 47.
d6 f4 48. Qd5+ Kh8 49. Qxd4 f3+ 50. Kh3 1-0

[Event "Campeonato de España sub-18 2011"]
[Site "Padron ESP"]
[Date "2011.07.29"]
[Round "7.4"]
[White "Coll Ortega, Jordi"]
[Black "Meneses Gonzalez, Kevin"]
[Result "1-0"]
[WhiteElo "2303"]
[BlackElo "2226"]
[PlyCount "59"]
[EventDate "2011.07.25"]
[EventType "swiss"]
[EventRounds "9"]
[EventCountry "ESP"]
[Source "lmi"]
[SourceDate "2011.07.25"]

1. e4 c5 2. Nf3 d6 3. d4 cxd4 4. Nxd4 Nf6 5. Nc3 Nc6 6. Bc4 e6 7. Be3 Be7 8.
Qe2 a6 9. O-O-O Qc7 10. Bb3 b5 11. Rhg1 Bb7 12. g4 Nd7 13. Bxe6 fxe6 14. Nxe6
Qa5 15. Nxg7+ Kf7 16. Nf5 Nce5 17. Nxd6+ Bxd6 18. Rxd6 b4 19. Rxd7+ Nxd7 20.
Qc4+ Ke7 21. Nd5+ Bxd5 22. exd5 Rae8 23. Qc6 Rhg8 24. Re1 Kd8 25. Qa8+ Kc7 26.
Bf4+ Ne5 27. Bxe5+ Rxe5 28. Qc6+ Kb8 29. Rxe5 Qxa2 30. Re7 1-0

[Event "Campeonato de España sub-18 2011"]
[Site "Padron ESP"]
[Date "2011.07.29"]
[Round "7.5"]
[White "Navarro Molina, David"]
[Black "Martinez Ramirez, Erik"]
[Result "0-1"]
[WhiteElo "2161"]
[BlackElo "2257"]
[PlyCount "162"]
[EventDate "2011.07.25"]
[EventType "swiss"]
[EventRounds "9"]
[EventCountry "ESP"]
[Source "lmi"]
[SourceDate "2011.07.25"]

1. d4 Nf6 2. c4 g6 3. Nc3 d5 4. cxd5 Nxd5 5. e4 Nxc3 6. bxc3 Bg7 7. Bc4 c5 8.
Ne2 O-O 9. O-O Nc6 10. Be3 Na5 11. Bd3 b6 12. Qd2 f5 13. Bh6 fxe4 14. Bxe4 Bb7
15. Bxg7 Kxg7 16. Bxb7 Nxb7 17. Qe3 Qd6 18. Rad1 Rad8 19. Rfe1 Rfe8 20. f4 Qd5
21. Ng3 Nd6 22. Qf2 e6 23. Re5 Qc4 24. Rde1 Nf7 25. R5e3 cxd4 26. cxd4 Nh6 27.
d5 Qxd5 28. Re4 Nf5 29. Qb2+ Kf7 30. Nxf5 Qxf5 31. Rc4 Re7 32. Qc3 Qd3 33. Qc1
Rd4 34. Rc8 Qd2 35. Qa1 Rb4 36. Rd1 Qb2 37. g3 Qxa1 38. Rxa1 Rd7 39. Rc2 Kf6
40. Kf2 Ra4 41. Ke3 Ra3+ 42. Ke2 h5 43. Rb1 Rdd3 44. Rc7 Rd4 45. Rc2 Rda4 46.
Rbb2 h4 47. Kf2 Rd4 48. Rb3 Rd3 49. Rxd3 Rxd3 50. Kg2 Ra3 51. Kh3 hxg3 52. hxg3
g5 53. Kg4 gxf4 54. gxf4 Ra4 55. Re2 Ra3 56. Rc2 b5 57. Rd2 a5 58. Rc2 b4 59.
Rb2 Re3 60. Rc2 Rc3 61. Rd2 Rc4 62. Re2 a4 63. Kf3 b3 64. axb3 axb3 65. Ke3 Rb4
66. Rb2 Kf5 67. Kd3 Kxf4 68. Rh2 Rb8 69. Rf2+ Ke5 70. Rb2 Kd5 71. Ke3 Kc4 72.
Kd2 e5 73. Kc1 e4 74. Rd2 b2+ 75. Kb1 e3 76. Rd7 e2 77. Re7 Kd3 78. Rd7+ Ke3
79. Re7+ Kd2 80. Rd7+ Ke1 81. Re7 Rb4 0-1

[Event "Campeonato de España sub-18 2011"]
[Site "Padron ESP"]
[Date "2011.07.29"]
[Round "7.6"]
[White "Alcaraz Ortega, Javier"]
[Black "Suarez Uriel, Adrián"]
[Result "1-0"]
[WhiteElo "2248"]
[BlackElo "2217"]
[PlyCount "55"]
[EventDate "2011.07.25"]
[EventType "swiss"]
[EventRounds "9"]
[EventCountry "ESP"]
[Source "lmi"]
[SourceDate "2011.07.25"]

1. d4 Nf6 2. Nf3 g6 3. c4 Bg7 4. Nc3 d5 5. Qb3 dxc4 6. Qxc4 O-O 7. e4 a6 8. e5
b5 9. Qb3 Be6 10. exf6 Bxb3 11. fxg7 Re8 12. axb3 Nc6 13. Be3 Nb4 14. Rc1 Qd7
15. Be2 Kxg7 16. O-O Qe6 17. d5 Nxd5 18. Nd4 Qd7 19. Nxd5 Qxd5 20. Bf3 Qe5 21.
Bxa8 Rxa8 22. Nf3 Qe6 23. Rxc7 h6 24. Re1 Qxb3 25. Bd4+ Kf8 26. Rcxe7 Rd8 27.
Bf6 Qb4 28. R7e4 1-0

[Event "Campeonato de España sub-18 2011"]
[Site "Padron ESP"]
[Date "2011.07.29"]
[Round "7.7"]
[White "Galan Martin, Alejandro"]
[Black "Garcia Salamero, Gabriel"]
[Result "1-0"]
[WhiteElo "2018"]
[BlackElo "2247"]
[PlyCount "114"]
[EventDate "2011.07.25"]
[EventType "swiss"]
[EventRounds "9"]
[EventCountry "ESP"]
[Source "lmi"]
[SourceDate "2011.07.25"]

1. e4 c5 2. Nf3 e6 3. d4 cxd4 4. Nxd4 a6 5. Bd3 Qc7 6. Nc3 Nf6 7. O-O Nc6 8.
Nxc6 dxc6 9. Qe2 e5 10. f4 Ng4 11. f5 Bc5+ 12. Kh1 h5 13. Bg5 b5 14. Nd1 Bb7
15. Bh4 Nf6 16. Bf2 Bxf2 17. Nxf2 c5 18. c3 Rd8 19. a4 c4 20. Bc2 Qc5 21. axb5
axb5 22. Rad1 Ke7 23. Rxd8 Rxd8 24. Rd1 Rxd1+ 25. Nxd1 Qa7 26. h3 Qa8 27. Qe3
Nxe4 28. Kh2 f6 29. Bxe4 Bxe4 30. Qc5+ Kd7 31. Qxb5+ Qc6 32. Qb4 Bxf5 33. Qf8
g6 34. Qf7+ Kd8 35. Ne3 Qe6 36. Qf8+ Kd7 37. Qg7+ Kc6 38. Qa7 Bd3 39. Qa4+ Kd6
40. Qb4+ Kd7 41. Qb7+ Ke8 42. Nd5 Kf8 43. Qb8+ Kg7 44. Qc7+ Kh6 45. Qd8 Kg5 46.
h4+ Kxh4 47. Nxf6 Kg5 48. Nd5+ Kf5 49. Qf8+ Kg5 50. Qd8+ Kg4 51. Ne3+ Kf4 52.
Nd5+ Ke4 53. Nf6+ Ke3 54. Nd5+ Kd2 55. Qg5+ Kc2 56. Nb4+ Kxb2 57. Qd2+ Kb1 1-0

[Event "Campeonato de España sub-18 2011"]
[Site "Padron ESP"]
[Date "2011.07.29"]
[Round "7.8"]
[White "Arribas Lopez, Angel"]
[Black "Vila Gonzalez, Daniel"]
[Result "1-0"]
[WhiteElo "2443"]
[BlackElo "2104"]
[PlyCount "67"]
[EventDate "2011.07.25"]
[EventType "swiss"]
[EventRounds "9"]
[EventCountry "ESP"]
[Source "lmi"]
[SourceDate "2011.07.25"]

1. c4 e5 2. g3 Nf6 3. Bg2 d5 4. cxd5 Nxd5 5. Nf3 Nc6 6. O-O Nb6 7. Nc3 Be7 8.
Rb1 O-O 9. b4 Bf5 10. b5 Nd4 11. d3 Bf6 12. Nd2 c6 13. Nde4 Be7 14. e3 Ne6 15.
f4 exf4 16. gxf4 Nc5 17. Nxc5 Bxc5 18. Ne4 Be7 19. bxc6 bxc6 20. Bb2 Qd7 21.
Nf2 Be6 22. Rc1 Rac8 23. Ne4 Rfd8 24. Qf3 Bg4 25. Qg3 f5 26. h3 fxe4 27. Bxe4
h5 28. hxg4 Qxg4 29. Qxg4 hxg4 30. Kf2 Bh4+ 31. Ke2 c5 32. Rh1 Bf6 33. Bxf6
gxf6 34. Rcg1 1-0

[Event "Campeonato de España sub-18 2011"]
[Site "Padron ESP"]
[Date "2011.07.29"]
[Round "7.9"]
[White "Beltran De Heredia E, Miguel A"]
[Black "Pruja Ramirez De Cartagena, Marc"]
[Result "1/2-1/2"]
[WhiteElo "2127"]
[BlackElo "2269"]
[PlyCount "116"]
[EventDate "2011.07.25"]
[EventType "swiss"]
[EventRounds "9"]
[EventCountry "ESP"]
[Source "lmi"]
[SourceDate "2011.07.25"]

1. e4 c5 2. Nf3 d6 3. d4 Nf6 4. Nc3 cxd4 5. Nxd4 a6 6. f3 e5 7. Nb3 Be6 8. Be3
Be7 9. Qd2 O-O 10. O-O-O Nbd7 11. g4 b5 12. g5 b4 13. Ne2 Ne8 14. Ng3 a5 15.
Kb1 a4 16. Nc1 Nc7 17. f4 exf4 18. Bxf4 Ne5 19. Nf5 Bxf5 20. exf5 b3 21. f6
gxf6 22. gxf6 Bxf6 23. Qxd6 bxc2+ 24. Kxc2 Qxd6 25. Rxd6 Ne6 26. Bh6 Rfc8+ 27.
Kb1 Rab8 28. b3 axb3 29. Nxb3 Ng6 30. Bh3 Rd8 31. Rhd1 Rxd6 32. Rxd6 Be5 33.
Rd2 Nd4 34. Rd3 Nb5 35. Kc2 Nd6 36. a4 Rb4 37. a5 Ra4 38. Rd5 Ra2+ 39. Kd1 f5
40. Bf1 f4 41. a6 Ne4 42. Ra5 Nf2+ 43. Kc1 Rxa5 44. Bc4+ Kh8 45. Nxa5 Bd4 46.
Nc6 Be3+ 47. Kc2 Ng4 48. Bg5 h6 49. h3 hxg5 50. hxg4 f3 51. Bf1 Nf4 52. a7 Bxa7
53. Nxa7 Kg7 54. Nc6 Kf6 55. Nd4 Nd5 56. Kd2 Ke5 57. Nxf3+ Kf4 58. Nxg5 Ke5
1/2-1/2

[Event "Campeonato de España sub-18 2011"]
[Site "Padron ESP"]
[Date "2011.07.29"]
[Round "7.10"]
[White "Rodriguez Ferraz, Borja"]
[Black "Rioboo De Larriva, Alvaro"]
[Result "1/2-1/2"]
[WhiteElo "2125"]
[BlackElo "2215"]
[PlyCount "59"]
[EventDate "2011.07.25"]
[EventType "swiss"]
[EventRounds "9"]
[EventCountry "ESP"]
[Source "lmi"]
[SourceDate "2011.07.25"]

1. d4 Nf6 2. c4 c5 3. d5 g6 4. Nc3 d6 5. e4 e5 6. g3 Bg7 7. Bg2 O-O 8. Nge2
Nbd7 9. O-O Ne8 10. Rb1 f5 11. f4 Rb8 12. Qc2 exf4 13. Nxf4 fxe4 14. Nxe4 Bd4+
15. Kh1 Ne5 16. Bd2 Ng7 17. Ne2 Bf5 18. Rbe1 Qd7 19. Nxd4 cxd4 20. Bb4 Bxe4 21.
Bxe4 Nh5 22. Bg2 Rfc8 23. Qe4 Rxc4 24. Bxd6 Qxd6 25. Qxe5 Qxe5 26. Rxe5 d3 27.
d6 Rd4 28. Rd5 Rxd5 29. Bxd5+ Kh8 30. Rd1 1/2-1/2

[Event "Campeonato de España sub-18 2011"]
[Site "Padron ESP"]
[Date "2011.07.29"]
[Round "7.11"]
[White "Shen, Yue"]
[Black "Fernandez Lledo, Javier"]
[Result "0-1"]
[WhiteElo "2053"]
[BlackElo "2204"]
[PlyCount "58"]
[EventDate "2011.07.25"]
[EventType "swiss"]
[EventRounds "9"]
[EventCountry "ESP"]
[Source "lmi"]
[SourceDate "2011.07.25"]

1. d4 Nf6 2. Nf3 g6 3. c4 Bg7 4. Nc3 O-O 5. e4 d6 6. Be2 e5 7. O-O Nc6 8. d5
Ne7 9. Ne1 Nd7 10. Nd3 f5 11. Bd2 fxe4 12. Nxe4 h6 13. Bg4 Nf5 14. f3 Nf6 15.
Nxf6+ Qxf6 16. Nf2 Re8 17. Ne4 Qf7 18. b4 b5 19. Rc1 Bb7 20. Nc3 bxc4 21. Qe2
c6 22. dxc6 Bxc6 23. Ne4 Nd4 24. Qd1 Rad8 25. Be3 d5 26. Nc5 Nf5 27. Bf2 d4 28.
Qc2 Bd5 29. Ne4 h5 0-1

[Event "Campeonato de España sub-18 2011"]
[Site "Padron ESP"]
[Date "2011.07.29"]
[Round "7.12"]
[White "Jordan Martinez, Miguel"]
[Black "Mingarro Carceller, Sergi"]
[Result "1-0"]
[WhiteElo "2189"]
[BlackElo "2069"]
[PlyCount "97"]
[EventDate "2011.07.25"]
[EventType "swiss"]
[EventRounds "9"]
[EventCountry "ESP"]
[Source "lmi"]
[SourceDate "2011.07.25"]

1. e4 e6 2. d4 d5 3. Nd2 c5 4. exd5 Qxd5 5. Ngf3 cxd4 6. Bc4 Qd6 7. O-O Nf6 8.
Nb3 Nc6 9. Nfxd4 Nxd4 10. Nxd4 Bd7 11. Be3 Qc7 12. Qe2 a6 13. h3 Be7 14. Rfe1
O-O 15. Rad1 Rac8 16. Bb3 Rfd8 17. Bg5 Nd5 18. Bxe7 Nxe7 19. c3 Ng6 20. Rd2 Kh8
21. Red1 Nf4 22. Qe3 e5 23. Ne2 Ne6 24. Ng3 f6 25. Ne4 Rb8 26. Rd6 Nf8 27. Qd2
b6 28. Qd3 a5 29. a3 Rb7 30. Qd5 Ng6 31. Ba4 Nf8 32. Qf7 b5 33. Bb3 Ng6 34.
Nxf6 Rf8 35. Qxd7 gxf6 36. Qf5 Qe7 37. Bc2 Rf7 38. Re6 Qf8 39. Ra6 Ne7 40. Qe4
Rc7 41. Rxf6 Ng6 42. Rxf7 Rxf7 43. Qe3 Qg7 44. Bxg6 hxg6 45. Rd5 Re7 46. Rxb5
a4 47. Rb4 Ra7 48. Qg5 Ra8 49. Rb6 1-0

[Event "Campeonato de España sub-18 2011"]
[Site "Padron ESP"]
[Date "2011.07.29"]
[Round "7.13"]
[White "Nieto De La Cruz, Julio"]
[Black "Garcia Perez, Javier"]
[Result "1/2-1/2"]
[WhiteElo "2183"]
[BlackElo "1957"]
[PlyCount "85"]
[EventDate "2011.07.25"]
[EventType "swiss"]
[EventRounds "9"]
[EventCountry "ESP"]
[Source "lmi"]
[SourceDate "2011.07.25"]

1. d4 Nf6 2. c4 c5 3. d5 e6 4. Nc3 exd5 5. cxd5 d6 6. g3 g6 7. Bg2 Bg7 8. Nf3
O-O 9. O-O a6 10. a4 Nbd7 11. Nd2 Rb8 12. Nc4 Ne8 13. Bf4 Nb6 14. Na3 Qc7 15.
a5 Nd7 16. Nc4 b5 17. axb6 Nxb6 18. Na5 Nf6 19. Qd2 Nfd7 20. Rfc1 Ne5 21. Ne4
Bd7 22. Ra2 Bb5 23. b3 Qd7 24. h3 Rfc8 25. Be3 c4 26. b4 c3 27. Qe1 Nbc4 28.
Bg5 Nxa5 29. bxa5 Bc4 30. Rac2 Bxd5 31. Rxc3 Bxe4 32. Rxc8+ Rxc8 33. Bxe4 Qxh3
34. Rxc8+ Qxc8 35. Qb4 h6 36. Be3 Qc4 37. Qb8+ Kh7 38. Ba8 Qxe2 39. Qxd6 Qe1+
40. Kg2 Qxa5 41. Bd5 Qc3 42. Qxa6 Ng4 43. Qe2 1/2-1/2